000 00664nam a22002177a 4500
003 UA-OsUOA
001 81904
007 ta
008 20120209b un ||||| |||| 00| 0 ukr d
100 _aМомотюк Л.Є.
090 _a330(477)
_bМ76
942 _cSA
040 _aUA-OsUOA
_bukr
_cUA-OsUOA
_dUA-OsUOA
245 _aОсновні нарями стандартизації статистики Державного бюджету України
300 _aС.67-73
955 _a0
041 _aukr
080 _a330(477)
773 0 _w81893
_tСтатистика України
_dК.
_d2011
_g4
650 7 _a330 Економіка взагалі
_2UDC
999 _c368215
_d368215